[Event "Brandenburg 2-Bayern"]
[Site "?"]
[Date "2015.09.10"]
[Round "5.2"]
[White "Urban, Hans-Rainer"]
[Black "Jergler, Karl-Heinz"]
[Result "1/2-1/2"]
[BlackElo "2213"]
[BlackTeam "Brandenburg 2"]
[EventDate "2015.??.??"]
[PlyCount "139"]
[WhiteElo "2076"]
[WhiteTeam "Bayern"]

1. e4 c5 2. Nc3 Nc6 3. g3 g6 4. Bg2 Bg7 5. d3 e6 6. Be3 d6 7. Qd2 Qa5 8. f4 Nge7
9. Nd1 Qxd2+ 10. Kxd2 O-O 11. Ne2 Rb8 12. Nec3 b6 13. Bf2 Rd8 14. Re1 Bb7 15.
Ne3 Nd4 16. Rad1 b5 17. Kc1 b4 18. Nb1 d5 19. e5 Rdc8 20. Nf1 Nb5 21. a4 bxa3
22. Nxa3 Nxa3 23. bxa3 d4 24. Be4 Nd5 25. Bxd5 Bxd5 26. Nd2 Bf8 27. Ne4 Be7 28.
Kd2 Rb2 29. Rb1 Rcb8 30. Rxb2 Rxb2 31. Ra1 Bb3 32. Rc1 Ba4 33. h4 Ra2 34. Nf6+
Kg7 35. Ne4 Bc6 36. Rb1 Rxa3 37. Rb2 a5 38. Nd6 Ra4 39. Rb6 Bf3 40. Rb1 Rb4 41.
Rxb4 axb4 42. Kc1 Bd5 43. Ne8+ Kf8 44. Nf6 h5 45. Kb2 Bc6 46. Kb3 Bb5 47. Be1
Bxf6 48. exf6 Ke8 49. Bd2 Kd7 50. Bc1 Kc6 51. Bd2 Kb6 52. Bc1 Bc6 53. Bd2 Kb5
54. Kb2 c4 55. dxc4+ Kxc4 56. Be1 Ba4 57. Kc1 Bc6 58. Kb2 Be4 59. Bd2 d3 60.
cxd3+ Bxd3 61. Be1 b3 62. Bc3 Bc2 63. Be5 Be4 64. Bc7 Bd5 65. Bd6 Kd3 66. Be5
Bc4 67. Bd6 e5 68. Bxe5 Be6 69. f5 gxf5 70. Bf4  1/2-1/2

[Event "Brandenburg 2-Bayern"]
[Site "?"]
[Date "2015.09.10"]
[Round "5.3"]
[White "Daeubler, Heinrich"]
[Black "Nuenchert, Eveline"]
[Result "1/2-1/2"]
[BlackElo "2054"]
[BlackTeam "Brandenburg 2"]
[EventDate "2015.??.??"]
[PlyCount "82"]
[WhiteElo "2165"]
[WhiteTeam "Bayern"]

1. d4 Nf6 2. c4 d6 3. Nc3 Nbd7 4. e4 e5 5. Nf3 Be7 6. Be2 c6 7. O-O O-O 8. h3 a6
9. Qc2 Qc7 10. b3 Re8 11. Bb2 Nf8 12. dxe5 dxe5 13. Na4 Ng6 14. c5 Nd7 15. Rac1
Nf4 16. Bc4 Bf6 17. Rfd1 Rb8 18. Bf1 Nf8 19. Kh2 Be6 20. g3 N4g6 21. Nb6 Rbd8
22. Bc4 Be7 23. b4 Rxd1 24. Rxd1 Rd8 25. Rxd8 Bxd8 26. Bxe6 Nxe6 27. Nc4 f6 28.
Nd6 Ngf8 29. Nd2 b5 30. Nb3 Qa7 31. Nf5 Qd7 32. Qd2 Qxd2 33. Nxd2 g6 34. Ne3 a5
35. a3 axb4 36. axb4 Nd7 37. Kg2 Kf7 38. Nb3 Nb8 39. f3 Bc7 40. Kf2 Na6 41. Nc2
Bd8  1/2-1/2

[Event "Brandenburg 2-Bayern"]
[Site "?"]
[Date "2015.09.10"]
[Round "5.4"]
[White "Heckert, Klaus-Dieter"]
[Black "Straub, Peter"]
[Result "0-1"]
[BlackElo "2096"]
[BlackTeam "Brandenburg 2"]
[EventDate "2015.??.??"]
[PlyCount "103"]
[WhiteElo "2064"]
[WhiteTeam "Bayern"]

1. f4 b5 2. e4 Bb7 3. Nf3 a6 4. d3 e6 5. g3 d5 6. e5 Nd7 7. Bg2 Nh6 8. O-O Be7
9. d4 O-O 10. Nc3 c5 11. Ne2 Qb6 12. Be3 Nf5 13. Bf2 cxd4 14. Nexd4 Nxd4 15.
Nxd4 Qc7 16. Qg4 Bc5 17. c3 Rfe8 18. Rad1 Rad8 19. Rfe1 g6 20. h4 h5 21. Qe2
Bxd4 22. Bxd4 Nf8 23. g4 Qe7 24. g5 Nd7 25. b4 Nb8 26. Bf3 Nc6 27. Bc5 Qd7 28.
Kh2 Kg7 29. Kg3 Ne7 30. Be4 Nf5+ 31. Bxf5 exf5 32. Bd4 Re6 33. Qc2 Rc8 34. Ra1
Qc6 35. a4 Qc4 36. Qe2 bxa4 37. Rxa4 Qb3 38. Rea1 Rxc3+ 39. Bxc3 Qxc3+ 40. Qf3
Qc7 41. Qe3 Rc6 42. R4a3 Rc4 43. Rd1 d4 44. Rxd4 Qc6 45. Rd2 Rc1 46. e6 Qh1 47.
e7 Rg1+ 48. Qxg1 Qxg1+ 49. Kh3 Qg4+ 50. Kh2 Qxf4+ 51. Kg1 Qxd2 52. e8=Q  0-1

[Event "Hessen 2-Sachsen 1"]
[Site "?"]
[Date "2015.09.10"]
[Round "5.1"]
[White "Weidlich, Guenter"]
[Black "Kaulfuss, Helmut"]
[Result "1/2-1/2"]
[BlackElo "2115"]
[BlackTeam "Hessen 2"]
[EventDate "2015.??.??"]
[PlyCount "88"]
[WhiteElo "2199"]
[WhiteTeam "Sachsen 1"]

1. c4 g6 2. Nc3 Bg7 3. g3 d6 4. Bg2 e6 5. d4 Ne7 6. e4 O-O 7. Nge2 a6 8. O-O Nd7
9. f4 Rb8 10. Be3 b6 11. e5 Bb7 12. Ne4 d5 13. cxd5 Nxd5 14. Bf2 Qe7 15. a3 a5
16. Qd2 Rfc8 17. Rfc1 Bf8 18. Rc2 Qd8 19. Rac1 Be7 20. g4 Qf8 21. N2c3 Nxc3 22.
Nxc3 Bxg2 23. Kxg2 c6 24. Ne4 c5 25. dxc5 Nxc5 26. Bxc5 Bxc5 27. Qe2 Be7 28. g5
Rxc2 29. Qxc2 Kg7 30. Kf3 Qd8 31. Rd1 Rc8 32. Qa4 Qf8 33. Nd6 Rc5 34. Qe4 Qb8
35. a4 Kg8 36. h4 Qc7 37. Qa8+ Bf8 38. Ne4 Qc6 39. Rd8 Qxa8 40. Rxa8 Rc4 41.
Nf6+ Kg7 42. Rb8 Rxa4 43. Ne8+ Kg8 44. Nf6+ Kg7  1/2-1/2

[Event "Hessen 2-Sachsen 1"]
[Site "?"]
[Date "2015.09.10"]
[Round "5.2"]
[White "Haase, Wolfgang"]
[Black "Boehm, Erwin"]
[Result "1/2-1/2"]
[BlackElo "2172"]
[BlackTeam "Sachsen 1"]
[EventDate "2015.??.??"]
[PlyCount "63"]
[WhiteElo "2133"]
[WhiteTeam "Hessen 2"]

1. d4 g6 2. Nf3 Bg7 3. g3 d6 4. Bg2 c5 5. c3 Qb6 6. O-O Nf6 7. Nbd2 cxd4 8. Nxd4
O-O 9. e4 a6 10. a4 Nc6 11. N2b3 Nxd4 12. Nxd4 Bd7 13. h3 Rac8 14. a5 Qc7 15.
Be3 e5 16. Nc2 Bc6 17. Bb6 Qd7 18. Re1 d5 19. Nb4 Nxe4 20. Bxe4 dxe4 21. Nxc6
Qxc6 22. Qb3 Bf6 23. Ra4 Bd8 24. Rexe4 Bxb6 25. axb6 Rcd8 26. Rxe5 Rd6 27. Ree4
Qc5 28. Rac4 Qa5 29. Qb4 Qxb6 30. Qxb6 Rxb6 31. f4 Rf6 32. Rc7  1/2-1/2

[Event "Hessen 2-Sachsen 1"]
[Site "?"]
[Date "2015.09.10"]
[Round "5.3"]
[White "Knaak, Joachim"]
[Black "Benninger, Rudolf"]
[Result "1-0"]
[BlackElo "2097"]
[BlackTeam "Hessen 2"]
[EventDate "2015.??.??"]
[PlyCount "105"]
[WhiteElo "2105"]
[WhiteTeam "Sachsen 1"]

1. d4 g6 2. c4 Bg7 3. Nc3 c5 4. d5 d6 5. e4 e6 6. Nf3 Ne7 7. Bd3 O-O 8. h3 a6 9.
O-O e5 10. a3 f5 11. Ng5 f4 12. Nf3 Nd7 13. Rb1 h6 14. b4 b6 15. Na4 g5 16. bxc5
bxc5 17. Nh2 Ng6 18. Be2 Nf6 19. Nc3 Nh4 20. Bd2 Qd7 21. Ng4 f3 22. Bxf3 Nxf3+
23. Qxf3 Nxd5 24. Qd3 Ne7 25. Rb6 Kh7 26. Rxd6 Qc7 27. Be3 Rb8 28. Qd2 Rb6 29.
Rxb6 Qxb6 30. Na4 Qc6 31. Nxc5 Ng6 32. Rd1 Nf4 33. Qd6 Qxd6 34. Rxd6 h5 35. Nh2
Rf6 36. Rxf6 Bxf6 37. Nf3 Ne2+ 38. Kf1 Nd4 39. Nxg5+ Kg6 40. Bxd4 exd4 41. Nf3
Be7 42. Ne5+ Kf6 43. Ned3 Be6 44. Nxe6 Kxe6 45. c5 Kd7 46. Ke2 Kc6 47. Kd2 Kb5
48. Kc2 a5 49. f4 h4 50. e5 a4 51. f5 Kc6 52. f6 Bd8 53. Nf4  1-0

[Event "Hessen 2-Sachsen 1"]
[Site "?"]
[Date "2015.09.10"]
[Round "5.4"]
[White "Kopp, Peter"]
[Black "Lehmann, Wolfgang"]
[Result "1-0"]
[BlackElo "1912"]
[BlackTeam "Sachsen 1"]
[EventDate "2015.??.??"]
[PlyCount "101"]
[WhiteElo "2042"]
[WhiteTeam "Hessen 2"]

1. e4 c5 2. c3 d5 3. exd5 Qxd5 4. d4 e6 5. Nf3 Nf6 6. Be2 Be7 7. O-O Nc6 8. c4
Qd8 9. dxc5 Qxd1 10. Rxd1 Bxc5 11. Nc3 O-O 12. Bg5 Be7 13. Nb5 a6 14. Nbd4 Bd7
15. Nxc6 Bxc6 16. Ne5 Be4 17. f3 Bg6 18. Nxg6 hxg6 19. Be3 Rac8 20. b3 Bc5 21.
Kf2 Bxe3+ 22. Kxe3 Rc7 23. Rd6 Rfc8 24. Rad1 Kf8 25. f4 Ke7 26. Bf3 Nd5+ 27.
Bxd5 exd5 28. R6xd5 f6 29. Kd4 Rh8 30. Re1+ Kf7 31. Rh1 Re8 32. Kc3 Re2 33. Rd2
Re3+ 34. Kb4 Re6 35. Rhd1 Rce7 36. g3 f5 37. a4 Kf6 38. h4 Re3 39. Rd6+ Kf7 40.
R1d3 Re2 41. Rd7 Re6 42. Rxe7+ Kxe7 43. c5 Rc6 44. Kc4 Re6 45. Kb4 Re4+ 46. Ka5
Re6 47. Rd5 Rc6 48. b4 Re6 49. Re5 Rxe5 50. fxe5 Ke6 51. Kb6  1-0

[Event "Sachsen 2-Hamburg 2"]
[Site "?"]
[Date "2015.09.10"]
[Round "5.1"]
[White "Kuhn, Gerd"]
[Black "Brauer, Christian"]
[Result "1-0"]
[BlackElo "2106"]
[BlackTeam "Sachsen 1"]
[EventDate "2015.??.??"]
[PlyCount "91"]
[WhiteElo "2076"]
[WhiteTeam "Hessen 2"]

1. d4 d5 2. c4 c6 3. Nf3 Nf6 4. Nc3 dxc4 5. a4 Bf5 6. Ne5 e6 7. Nxc4 Bb4 8. Qb3
a5 9. Bf4 O-O 10. e3 Qe7 11. Be2 Nd5 12. Bg3 Nd7 13. O-O N5b6 14. Nxb6 Nxb6 15.
e4 Bg6 16. f3 Rfd8 17. Rfd1 f6 18. Na2 Bf7 19. Nxb4 axb4 20. a5 e5 21. Qc2 Nd7
22. Bc4 exd4 23. Bxf7+ Qxf7 24. Rxd4 Ne5 25. Bxe5 fxe5 26. Rxb4 Rd7 27. Qb3 Rad8
28. Qxf7+ Kxf7 29. Rb6 Rd1+ 30. Rxd1 Rxd1+ 31. Kf2 Rd7 32. Ke3 Ke7 33. g3 Kd6
34. f4 exf4+ 35. gxf4 Kc7 36. Rb3 Rd1 37. f5 Rh1 38. Kf4 Rxh2 39. Rg3 g6 40. f6
Kd6 41. Rb3 Rh4+ 42. Kg3 Rxe4 43. Rxb7 Re3+ 44. Kf2 Re5 45. a6 c5 46. a7  1-0

[Event "Sachsen 2-Hamburg 2"]
[Site "?"]
[Date "2015.09.10"]
[Round "5.2"]
[White "Eichner, Christian"]
[Black "Gerigk, Wolf"]
[Result "0-1"]
[BlackElo "2055"]
[BlackTeam "Sachsen 1"]
[EventDate "2015.??.??"]
[PlyCount "86"]
[WhiteElo "2076"]
[WhiteTeam "Hessen 2"]

1. e4 Nc6 2. d4 d5 3. Nc3 Nf6 4. e5 Nd7 5. Nf3 Nb6 6. Bf4 Bg4 7. Be2 e6 8. a3
Be7 9. h3 Bh5 10. Nb1 Qd7 11. Nbd2 h6 12. b3 g5 13. Be3 O-O-O 14. Bd3 Rdg8 15.
g4 Bg6 16. Bxg6 Rxg6 17. c4 Qe8 18. h4 f5 19. exf6 Bxf6 20. h5 Rg7 21. O-O e5
22. dxe5 Nxe5 23. Nd4 c5 24. Nf5 Qc6 25. cxd5 Nxd5 26. Bxc5 Nf4 27. Ne4 Rd7 28.
Nfd6+ Rxd6 29. Bxd6 Qxe4 30. Rc1+ Nc6 31. Bxf4 Qxf4 32. Rc4 Bd4 33. Qe2 Kb8 34.
Kg2 Ne5 35. Rb4 Nxg4 36. Qe6 Rc8 37. Qd5 Qh2+ 38. Kf3 Ne5+ 39. Ke2 Qxh5+ 40. Kd2
Bc3+ 41. Ke3 Ng4+ 42. Kd3 Qh3+ 43. Ke2 Bxb4  0-1

[Event "Sachsen 2-Hamburg 2"]
[Site "?"]
[Date "2015.09.10"]
[Round "5.3"]
[White "Duemmke, Juergen"]
[Black "Petzold, Hans"]
[Result "1-0"]
[BlackElo "2066"]
[BlackTeam "Sachsen 1"]
[EventDate "2015.??.??"]
[PlyCount "99"]
[WhiteElo "1975"]
[WhiteTeam "Hessen 2"]

1. e4 e6 2. d4 d5 3. Nc3 Bb4 4. Ne2 dxe4 5. a3 Bxc3+ 6. Nxc3 Nf6 7. Bg5 Nbd7 8.
Nxe4 h6 9. Bh4 g5 10. Nxf6+ Qxf6 11. Bg3 c5 12. c3 cxd4 13. cxd4 Qe7 14. Be2 Nb6
15. h4 Bd7 16. hxg5 Qxg5 17. Rh5 Qg6 18. Bd3 Qg7 19. Qe2 O-O-O 20. Rc5+ Bc6 21.
Ba6 Kd7 22. Bxb7 Bd5 23. Bxd5 Nxd5 24. Qb5+ Ke7 25. Bh4+ f6 26. Bg3 Qg4 27. Qd3
Rd7 28. Kf1 Rg8 29. Re1 h5 30. Rc6 Nf4 31. Qe4 Nd5 32. Rxe6+ Kf7 33. Qc2 h4 34.
Qh7+ Rg7 35. Qxh4 Qxh4 36. Bxh4 Rg4 37. R6e4 Rg8 38. Bg3 Rc8 39. Kg1 Rb7 40.
R4e2 Rb3 41. Bd6 Rc6 42. Bc5 a5 43. g3 Rc8 44. Rc2 Rcb8 45. Ree2 Kg6 46. Kg2 Kf5
47. a4 Rg8 48. Bd6 Rb6 49. Bc7 Rb7 50. Rc5  1-0

[Event "Sachsen 2-Hamburg 2"]
[Site "?"]
[Date "2015.09.10"]
[Round "5.4"]
[White "Westphal, Norbert"]
[Black "Krotofil, Kurt"]
[Result "1/2-1/2"]
[BlackElo "1958"]
[BlackTeam "Sachsen 1"]
[EventDate "2015.??.??"]
[PlyCount "74"]
[WhiteElo "1969"]
[WhiteTeam "Hessen 2"]

1. d4 Nf6 2. Nf3 c5 3. d5 d6 4. c4 b5 5. cxb5 a6 6. bxa6 Bxa6 7. Nc3 g6 8. g3
Bg7 9. Bg2 Nbd7 10. O-O Ng4 11. h3 Nge5 12. Nxe5 Nxe5 13. Qc2 O-O 14. Kh2 Qa5
15. f4 Nc4 16. Rf3 f5 17. a4 Qb4 18. b3 Na5 19. Rb1 Rfb8 20. Na2 Qe4 21. Qxe4
fxe4 22. Re3 Bd4 23. Rxe4 Nxb3 24. Rxe7 Nxc1 25. Rxc1 Rb2 26. Nc3 Bxc3 27. Rxc3
Rxe2 28. Rxe2 Bxe2 29. Re3 Bd1 30. Re6 Rxa4 31. Rxd6 Ra2 32. Kg1 c4 33. Rd8+ Kg7
34. Rc8 Ra1 35. Kf2 Ra2+ 36. Ke1 Rxg2 37. Kxd1 Rxg3  1/2-1/2

[Event "Schleswig-Holstein 2-Wuerttemberg 2"]
[Site "?"]
[Date "2015.09.10"]
[Round "5.1"]
[White "Wolf, Walter"]
[Black "Kornrumpf, Joachim"]
[Result "1-0"]
[BlackElo "2079"]
[BlackTeam "Schleswig-Holstein 2"]
[EventDate "2015.??.??"]
[PlyCount "57"]
[WhiteElo "2125"]
[WhiteTeam "Wuerttemberg 2"]

1. e4 c5 2. Nf3 e6 3. d4 cxd4 4. Nxd4 a6 5. c4 Nf6 6. Nc3 d6 7. Be2 Be7 8. O-O
O-O 9. Be3 Nbd7 10. f4 g6 11. Rc1 Qc7 12. b3 b6 13. f5 Nc5 14. Bf3 e5 15. Nde2
Bb7 16. Ng3 Rac8 17. Qd2 Qb8 18. Bg5 Ncd7 19. Be2 Qa8 20. h4 Rfe8 21. h5 Bc6 22.
fxg6 hxg6 23. hxg6 fxg6 24. Bxf6 Bxf6 25. Qh6 Kf7 26. Qh7+ Ke6 27. Rxf6+ Kxf6
28. Rf1+ Kg5 29. Nf5  1-0

[Event "Schleswig-Holstein 2-Wuerttemberg 2"]
[Site "?"]
[Date "2015.09.10"]
[Round "5.2"]
[White "Boettcher, Ulrich"]
[Black "Schmid, Hartmut"]
[Result "0-1"]
[BlackElo "2147"]
[BlackTeam "Wuerttemberg 2"]
[EventDate "2015.??.??"]
[PlyCount "62"]
[WhiteElo "2085"]
[WhiteTeam "Schleswig-Holstein 2"]

1. c4 c5 2. Nf3 Nc6 3. d4 cxd4 4. Nxd4 d6 5. Nc3 g6 6. e4 Bg7 7. Be3 Nf6 8. Be2
O-O 9. O-O Bd7 10. Rc1 Nxd4 11. Bxd4 Bc6 12. f3 b6 13. b3 e6 14. Qd2 Qe7 15.
Rfd1 Rad8 16. Kh1 Rfe8 17. Qb2 Bh6 18. Rc2 Nh5 19. Bf1 Rd7 20. Ne2 f5 21. exf5
gxf5 22. Bf2 Bg7 23. Nd4 Ba8 24. Re1 Qf7 25. Qc1 e5 26. Rce2 Qg6 27. Qc2 e4 28.
fxe4 Bxe4 29. Qc3 Nf4 30. Rxe4 Rxe4 31. Qf3 Bxd4  0-1

[Event "Schleswig-Holstein 2-Wuerttemberg 2"]
[Site "?"]
[Date "2015.09.10"]
[Round "5.3"]
[White "Lainburg, Viktor"]
[Black "Gehrmann, Rudolf-Rainer"]
[Result "0-1"]
[BlackElo "2064"]
[BlackTeam "Schleswig-Holstein 2"]
[EventDate "2015.??.??"]
[PlyCount "108"]
[WhiteElo "2127"]
[WhiteTeam "Wuerttemberg 2"]

1. b3 Nf6 2. Bb2 e6 3. g3 d5 4. Bg2 Be7 5. Nf3 O-O 6. O-O c5 7. d3 Nc6 8. Nbd2
Qc7 9. e4 d4 10. a4 e5 11. Nc4 a6 12. a5 Be6 13. Nfd2 Ne8 14. f4 exf4 15. gxf4
Nd6 16. Nb6 Rad8 17. f5 Bc8 18. Nd5 Qd7 19. Nxe7+ Qxe7 20. f6 gxf6 21. Qh5 Qe5
22. Qh4 Qg5 23. Qxg5+ fxg5 24. Ba3 Nb4 25. Bxb4 cxb4 26. Ra4 f6 27. Rxb4 Nb5 28.
Rc4 Kg7 29. Rc5 Rfe8 30. Nc4 Nc3 31. Re1 Re7 32. e5 fxe5 33. Rcxe5 Rxe5 34. Rxe5
Kf6 35. Re1 Nd5 36. Kf2 h5 37. Re4 Nf4 38. Bf3 h4 39. Ne5 Bf5 40. Re1 Nd5 41.
Ng4+ Bxg4 42. Bxg4 Ne3 43. Kf3 Ke5 44. Rg1 Rf8+ 45. Ke2 Kf4 46. h3 Rf7 47. Be6
Re7 48. Bg8 Nxc2+ 49. Kf2 Ne3 50. Rc1 g4 51. hxg4 Nxg4+ 52. Kf1 Ne3+ 53. Ke2 h3
54. Kf2 Rg7  0-1

[Event "Schleswig-Holstein 2-Wuerttemberg 2"]
[Site "?"]
[Date "2015.09.10"]
[Round "5.4"]
[White "Seeck, Klaus"]
[Black "Engbrecht, Helmut"]
[Result "1/2-1/2"]
[BlackElo "2004"]
[BlackTeam "Wuerttemberg 2"]
[EventDate "2015.??.??"]
[PlyCount "132"]
[WhiteElo "2109"]
[WhiteTeam "Schleswig-Holstein 2"]

1. d4 d5 2. c4 Nc6 3. cxd5 Qxd5 4. Nf3 e5 5. Nc3 Bb4 6. Bd2 Bxc3 7. Bxc3 exd4 8.
Nxd4 Nf6 9. Nxc6 bxc6 10. f3 Be6 11. e4 Qxd1+ 12. Rxd1 Bxa2 13. Rc1 Kd7 14. Kf2
Bb3 15. g3 Rhb8 16. Bh3+ Be6 17. Rhd1+ Ke7 18. Bg2 Rd8 19. Bd4 Rab8 20. Rxc6
Rxb2+ 21. Bxb2 Rxd1 22. Rxc7+ Kd6 23. Rc2 Ne8 24. Ba3+ Kd7 25. Bf1 Nc7 26. Be2
Ra1 27. Rd2+ Kc8 28. Bb2 Ra2 29. Ke3 f6 30. g4 a5 31. f4 a4 32. f5 Bb3 33. g5 a3
34. Bd4 Rxd2 35. Kxd2 Ne8 36. h4 Bf7 37. Bc5 a2 38. Bd4 Kd8 39. Kc1 Ke7 40. Bc5+
Kd8 41. Kb2 g6 42. Bb5 gxf5 43. exf5 Ng7 44. Bb6+ Ke7 45. gxf6+ Kxf6 46. Bd4+
Kxf5 47. Bxg7 Kg4 48. Bf6 h5 49. Be2+ Kf5 50. Bc3 Kf4 51. Bd1 Kg3 52. Bf6 Kh3
53. Ba4 Kg4 54. Bd7+ Kg3 55. Bf5 Kf4 56. Bd7 Kg3 57. Bg5 Kf3 58. Ba4 Ke4 59. Bf6
Kf5 60. Bc3 Kg4 61. Be1 Kf3 62. Bd1+ Ke3 63. Bc3 Ke4 64. Ka3 Kf5 65. Bb3 Bxb3
66. Kxb3 Kg4  1/2-1/2

[Event "Sachsen-Anhalt 2-Rheinland-Pfalz 2"]
[Site "?"]
[Date "2015.09.10"]
[Round "5.1"]
[White "Krieger, Hermann"]
[Black "Bondick, Karl-Heinz"]
[Result "1/2-1/2"]
[BlackElo "2045"]
[BlackTeam "Sachsen-Anhalt 2"]
[EventDate "2015.??.??"]
[PlyCount "21"]
[WhiteElo "2206"]
[WhiteTeam "Rheinland-Pfalz 2"]

1. e4 e5 2. Nf3 f5 3. d3 d6 4. Nc3 Nf6 5. Be2 Be7 6. O-O O-O 7. Re1 c5 8. Bg5
Nc6 9. Bxf6 Bxf6 10. Nd5 Be6 11. c3  1/2-1/2

[Event "Sachsen-Anhalt 2-Rheinland-Pfalz 2"]
[Site "?"]
[Date "2015.09.10"]
[Round "5.2"]
[White "Just, Joachim"]
[Black "Schwertel, Johann"]
[Result "1/2-1/2"]
[BlackElo "2007"]
[BlackTeam "Rheinland-Pfalz 2"]
[EventDate "2015.??.??"]
[PlyCount "64"]
[WhiteElo "1969"]
[WhiteTeam "Sachsen-Anhalt 2"]

1. d4 d5 2. c4 c6 3. cxd5 cxd5 4. Nc3 Nf6 5. Nf3 Nc6 6. Bf4 e6 7. e3 Bd6 8. Bxd6
Qxd6 9. Bd3 O-O 10. O-O a6 11. Rc1 b5 12. Qe2 Bb7 13. h3 Rfc8 14. Rfd1 h6 15.
Bb1 Rc7 16. e4 dxe4 17. Nxe4 Nxe4 18. Qxe4 g6 19. Qe3 Kg7 20. Ne5 Rac8 21. Ng4
Rh8 22. Ne5 Nxe5 23. Qxe5+ Qxe5 24. dxe5 Rhc8 25. Rxc7 Rxc7 26. Kh2 Rc5 27. f4
Bd5 28. Kg3 a5 29. h4 h5 30. Kf2 a4 31. a3 Rc4 32. g3 Rc5  1/2-1/2

[Event "Sachsen-Anhalt 2-Rheinland-Pfalz 2"]
[Site "?"]
[Date "2015.09.10"]
[Round "5.3"]
[White "Dietzsch, Herbert"]
[Black "Liebscher, Helmar"]
[Result "1/2-1/2"]
[BlackElo "2100"]
[BlackTeam "Sachsen-Anhalt 2"]
[EventDate "2015.??.??"]
[PlyCount "60"]
[WhiteElo "2060"]
[WhiteTeam "Rheinland-Pfalz 2"]

1. e4 e5 2. Bc4 Nc6 3. d3 Nf6 4. Nf3 Bc5 5. Nc3 d6 6. Bg5 h6 7. Bh4 g5 8. Bg3
Na5 9. Bb3 a6 10. h4 Nxb3 11. axb3 g4 12. Nd2 Nh5 13. Qe2 Nxg3 14. fxg3 Be6 15.
Nf1 Qd7 16. Ne3 c6 17. O-O O-O-O 18. Kh2 d5 19. Nf5 d4 20. Na4 Ba7 21. b4 h5 22.
b3 Bxf5 23. Rxf5 Qe7 24. Qd2 f6 25. Nb2 Bb6 26. Raf1 Rdf8 27. Ra1 Bc7 28. Ra4
Bd6 29. Nc4 Bc7 30. Nb2 Bd6  1/2-1/2

[Event "Sachsen-Anhalt 2-Rheinland-Pfalz 2"]
[Site "?"]
[Date "2015.09.10"]
[Round "5.4"]
[White "Reinemann, Guenter"]
[Black "Ranker, Klemens"]
[Result "1/2-1/2"]
[BlackElo "1864"]
[BlackTeam "Rheinland-Pfalz 2"]
[EventDate "2015.??.??"]
[PlyCount "68"]
[WhiteElo "1932"]
[WhiteTeam "Sachsen-Anhalt 2"]

1. e4 c5 2. c3 Nc6 3. d4 cxd4 4. cxd4 d6 5. Nf3 g6 6. d5 Nb8 7. Be3 Bg7 8. Bd4
Nf6 9. Nc3 O-O 10. Be2 Nbd7 11. O-O Re8 12. Rc1 Bh6 13. Rb1 Nc5 14. Bxc5 dxc5
15. e5 Nd7 16. Qa4 a6 17. Rbd1 Bg7 18. Qf4 Rf8 19. Ne4 f6 20. e6 Ne5 21. Nxc5
Qb6 22. b4 Qd8 23. Qd2 Qd6 24. Ne4 Nxf3+ 25. Bxf3 Qe5 26. Rc1 f5 27. Nc5 Qd6 28.
Rfe1 Be5 29. Nd3 Bg7 30. Rc4 Rd8 31. a3 Rb8 32. Qf4 Bf6 33. Qxd6 Rxd6 34. Rec1
Bxe6  1/2-1/2

[Event "Mecklenburg-Vorpommern 2-Berlin 3"]
[Site "?"]
[Date "2015.09.10"]
[Round "5.1"]
[White "Burger, Heinrich"]
[Black "Krueger, Horst"]
[Result "0-1"]
[BlackElo "2119"]
[BlackTeam "Mecklenburg-Vorpommern 2"]
[EventDate "2015.??.??"]
[PlyCount "84"]
[WhiteElo "2121"]
[WhiteTeam "VfB Hermsdorf"]

1. d4 d5 2. Nf3 c6 3. Nbd2 Nf6 4. c4 e6 5. g3 Nbd7 6. Qc2 b6 7. Bg2 Bb7 8. O-O
c5 9. b3 dxc4 10. Nxc4 Rc8 11. a4 cxd4 12. Nxd4 Bxg2 13. Kxg2 Bc5 14. Nb5 Ra8
15. Nbd6+ Ke7 16. Nb7 Qc7 17. Nxc5 bxc5 18. e4 Rab8 19. f3 Rhd8 20. Bd2 Nb6 21.
Nb2 Rbc8 22. a5 Nbd7 23. Nc4 Ne8 24. a6 Nd6 25. Ba5 Nxc4 26. bxc4 Nb6 27. Rfb1
Rb8 28. Rb5 Rd4 29. Rab1 Ke8 30. Qb2 Qd6 31. Bc3 Rd3 32. Qc2 Rd8 33. Rxb6 axb6
34. a7 Qd7 35. Rxb6 Qxa7 36. Rb5 Qa3 37. Rb3 Qa4 38. Kh3 Qxc4 39. Ra3 Rxf3 40.
Qb2 Qf1+ 41. Kg4 h5+ 42. Kg5 Rf5+  0-1

[Event "Mecklenburg-Vorpommern 2-Berlin 3"]
[Site "?"]
[Date "2015.09.10"]
[Round "5.2"]
[White "Alder, Bodo"]
[Black "Kollberg, Lothar"]
[Result "0-1"]
[BlackElo "2099"]
[BlackTeam "SC Zugzwang 95 (Berlin)"]
[EventDate "2015.??.??"]
[PlyCount "60"]
[WhiteElo "2072"]
[WhiteTeam "Mecklenburg-Vorpommern 2"]

1. e4 g6 2. g3 Bg7 3. d4 c5 4. c3 cxd4 5. cxd4 Qb6 6. Ne2 Nc6 7. e5 Nh6 8. b3
O-O 9. Bg2 Nf5 10. Bb2 d6 11. Nbc3 dxe5 12. Nd5 Qd8 13. dxe5 Nxe5 14. Bc3 e6 15.
Ndf4 Qb6 16. O-O Rd8 17. Qc2 Bd7 18. Qb2 Qc7 19. Rac1 Bc6 20. Bxc6 bxc6 21. Rcd1
Nd7 22. Ng2 Nb6 23. g4 Bxc3 24. Qxc3 Ne7 25. h4 Rxd1 26. Rxd1 Nbd5 27. Qd2 Qe5
28. f4 Qe4 29. Ng3 Qf3 30. g5 Qxg3  0-1

[Event "Mecklenburg-Vorpommern 2-Berlin 3"]
[Site "?"]
[Date "2015.09.10"]
[Round "5.3"]
[White "Shapiro, Yosip"]
[Black "Nauschuetz, Ernst"]
[Result "1/2-1/2"]
[BlackElo "1993"]
[BlackTeam "Mecklenburg-Vorpommern 2"]
[EventDate "2015.??.??"]
[PlyCount "167"]
[WhiteElo "2101"]
[WhiteTeam "SV Berolina Mitte"]

1. Nf3 c5 2. e4 g6 3. d4 cxd4 4. Nxd4 Nc6 5. Nc3 Bg7 6. Be3 Nf6 7. f3 O-O 8. Qd2
d5 9. exd5 Nxd5 10. Nxc6 bxc6 11. Bd4 Bxd4 12. Qxd4 Qb6 13. Qxb6 axb6 14. Nxd5
cxd5 15. a3 d4 16. Bd3 Kg7 17. O-O-O e5 18. Rhe1 f6 19. Be4 Ra7 20. Bd5 Bf5 21.
g4 Bc8 22. Kb1 g5 23. Rd3 Rd8 24. Be4 Ba6 25. Rb3 Rd6 26. h4 gxh4 27. Rh1 Bb7
28. Bf5 Bd5 29. Rxh4 h6 30. Rd3 Be6 31. Rd1 Ra8 32. Rg1 Bc4 33. Rgh1 Rh8 34. Bd3
Bd5 35. R4h3 Re6 36. Be4 Bxe4 37. fxe4 Kg6 38. Rh5 Rd6 39. R1h3 Rc6 40. Rh2 Rc7
41. Ka2 Rc5 42. Kb1 Rc7 43. R2h3 Rc6 44. Kc1 Rhc8 45. Rh2 Rh8 46. Kd2 Rhc8 47.
Kd3 Rh8 48. a4 Rc7 49. Kd2 Ra7 50. b3 Rc7 51. Kc1 Rc3 52. Rf5 Rg3 53. Rhf2 Rf8
54. Rxe5 fxe5 55. Rxf8 Rxg4 56. Rg8+ Kh5 57. Rb8 Rg6 58. Re8 Kg4 59. Rxe5 h5 60.
Re8 Rh6 61. Kd2 h4 62. Rg8+ Kf4 63. Kd3 h3 64. Rf8+ Ke5 65. Rf5+ Ke6 66. Rf1 h2
67. Rh1 Ke5 68. b4 Rh3+ 69. Kc4 Kxe4 70. Kb5 Rh6 71. a5 bxa5 72. bxa5 Rh5+ 73.
Kc4 Kf3 74. Kxd4 Kg2 75. Rd1 Rxa5 76. c4 Ra8 77. Rd2+ Kg3 78. Rxh2 Kxh2 79. c5
Kg3 80. Ke5 Kg4 81. c6 Re8+ 82. Kd6 Kf5 83. Kd7 Rg8 84. c7  1/2-1/2

[Event "Mecklenburg-Vorpommern 2-Berlin 3"]
[Site "?"]
[Date "2015.09.10"]
[Round "5.4"]
[White "Krueger, Gerhard"]
[Black "Glatthor, Thomas"]
[Result "0-1"]
[BlackElo "2047"]
[BlackTeam "VfB Hermsdorf"]
[EventDate "2015.??.??"]
[PlyCount "74"]
[WhiteElo "2034"]
[WhiteTeam "Mecklenburg-Vorpommern 2"]

1. e4 d6 2. d4 g6 3. Bd3 Bg7 4. c3 Nc6 5. Ne2 e5 6. d5 Nce7 7. Ng3 c5 8. O-O h5
9. h3 Bd7 10. f4 exf4 11. Bxf4 Qb6 12. Qb3 Qc7 13. Nd2 O-O-O 14. Nc4 Be8 15. a4
f6 $146 16. Ne2 g5 17. Bh2 Ng6 18. a5 Ne5 19. Bxe5 fxe5 20. Ng3 Nh6 21. Qa3 g4
22. hxg4 hxg4 23. b4 Kb8 24. Ne3 Qe7 25. Ngf5 Qg5 26. g3 Nxf5 27. Nxf5 Qd2 28.
Qa2 Qxd3 29. Nxg7 Bg6 30. Nf5 Qxe4 31. Nh4 Qe3+ 32. Qf2 Qxf2+ 33. Rxf2 Be4 34.
Rd1 cxb4 35. cxb4 Rc8 36. Rf6 Rhd8 37. Ng2 Rc3  0-1

[Event "Sachsen-Anhalt 1-Blindenschachbund"]
[Site "?"]
[Date "2015.09.10"]
[Round "5.1"]
[White "Riegler, Dieter"]
[Black "Liebert, Heinz"]
[Result "1/2-1/2"]
[BlackElo "2215"]
[EventDate "2015.??.??"]
[PlyCount "24"]
[WhiteElo "2096"]

1. d4 Nf6 2. c4 e5 3. dxe5 Ng4 4. e3 Nxe5 5. Nh3 d6 6. Nf4 g6 7. Bd2 Bg7 8. Bc3
O-O 9. Be2 Nbc6 10. O-O b6 11. Qc2 Bb7 12. Nd2 Ne7  1/2-1/2

[Event "Sachsen-Anhalt 1-Blindenschachbund"]
[Site "?"]
[Date "2015.09.10"]
[Round "5.2"]
[White "Hamm, Georg"]
[Black "Dobierzin, Olaf"]
[Result "1/2-1/2"]
[BlackElo "1998"]
[EventDate "2015.??.??"]
[PlyCount "57"]
[WhiteElo "2133"]

1. e4 c5 2. Nf3 Nc6 3. d3 g6 4. g3 Bg7 5. Bg2 d6 6. O-O e5 7. Nbd2 Nge7 8. c3
O-O 9. a4 h6 10. Nc4 Be6 11. Qe2 Qc7 12. Bd2 d5 13. exd5 Bxd5 14. Be3 Bxc4 15.
dxc4 b6 16. Rad1 Rad8 17. Rxd8 Rxd8 18. Rd1 Rd6 19. Rxd6 Qxd6 20. Qd2 Qxd2 21.
Nxd2 f5 22. Bd5+ Kf8 23. Nb1 e4 24. f3 exf3 25. Bxf3 Ne5 26. Be2 N7c6 27. Na3
Ke7 28. Nb5 Kd7 29. h3  1/2-1/2